zpět

Detail výsledku týmu

A-Sport, Hradec Králové

Datum a čas kvízu

23.5 Celkem bodů Celkový počet nahraných bodů na tomto kvízu bez doplňovacích otázek.
5. Pořadí na kvízu Konečné umístění týmu na tomto kvízu.

Zaznamenané odpovědi

# Otázka Odpověď Body Výsledky
1. Středočeská obec Mirošovice po... Předčasně zveřejnila výsledky. 0
2. Na výročí Světového dne metrol... Max Planck 0
3. Zlínský filmový festival minul... kybernetický útok 0
4. Rakouský nábytkářský řetězec X... Kika 0
5. V pondělí nás opustil Niki Lau... Laudamotion, Niki 0.5
6. Jakou barvu má pruh, který je... černou 1
7. Jaká barva kromě zelené a bílé... žádná 0
8. Na thajské vlajce nenajdeme pr... C 1
9. Jakou barvu má prostřední pruh... zelenou 0
10. Který z pruhů na vlajce Maďars... A 1